| 000 | 00997nac a22003137a 4500 | ||
|---|---|---|---|
| 001 | BR0601959 | ||
| 003 | BR-BrBNA | ||
| 005 | 20240105123313.0 | ||
| 008 | 230509b bl.|||m| |||| 00| 0 por d | ||
| 040 |
_aBR-BrBNA _bpor _cBiblioteca Nacional de Agricultura |
||
| 072 | _aF02 | ||
| 090 | _a0710 BR0601959 | ||
| 100 | 1 | _aFortes, G.R. de L. | |
| 100 | 1 | _aPereira, J.E.S. | |
| 100 | 1 | _aSilva, J.B. da | |
| 110 | 1 | _aEMBRAPA Clima Temperado, Pelotas, RS (Brasil) | |
| 245 | 1 | _aEfeito do frio em brotações in vitro de macieira sobre o alongamento dos entrenós no período de aclimatização | |
| 260 | 3 |
_aPelotas, RS (Brasil): _c1998. |
|
| 300 | _a4 p. | ||
| 490 |
_aPesquisa em Andamento - EMBRAPA Clima Temperado (Brazil) _vno. 36 _xISSN 0104-3000 |
||
| 650 | _aMAÇÃ | ||
| 650 | _aBROTAÇÃO | ||
| 650 | _aCULTURA IN VITRO | ||
| 650 | _aACLIMATAÇÃO | ||
| 650 | _aESTUFA | ||
| 650 | _aENTRENÓS | ||
| 909 |
_a202312 _bLúcia Elande _c55 _dLúcia Elande |
||
| 942 |
_2AGRIS _n0 _cMS |
||
| 999 |
_c294860 _d294860 |
||